Playing Cards Suits Around the World - Statistics

General Stats
  • This quiz has been taken 35 times
  • The average score is 12 of 16
Answer Stats
Hint Answer % Correct
French ❤️ Hearts
100%
German ❤️ Hearts
100%
French ♦️ Diamonds
91%
German 🔔 Bells
88%
Swiss German 🔔 Bells
88%
French ♠️ Spades
88%
Swiss German 🌹 Roses
81%
Swiss German 🛡️ Shields
81%
French ♣️ Clubs
78%
Italian/ Spanish ♣️ Clubs
78%
Italian/ Spanish 🗡️ Swords
78%
German 🍃 Leaves
69%
Italian/ Spanish 🪙 Coins
59%
Italian/ Spanish 🏆 Cups
53%
German 🌰 Acorns
38%
Swiss German 🌰 Acorns
38%
No matching quizzes found
Score Distribution
Percent of People with Each Score
Percentile by Number Answered
Your Score History
You have not taken this quiz